000 00359nam a2200145Ia 4500
008 230917s9999||||xx |||||||||||||| ||und||
040 _e140740
_aMAIN
041 _aEnglish
082 _a954.01 G997V
100 _aGyani, Shivadatta
245 0 _aVedakalina samaja
260 _aVaranasi
_bChowkhamba Vidyabhawan
_c1967
300 _a372p. p.
942 _cBK
999 _c204731
_d204731